| 000 | 00777nam a2200217Ii 4500 | ||
|---|---|---|---|
| 003 | JO-AjNU | ||
| 008 | 230605s9999||||xx |||||||||||||| ||und|| | ||
| 017 | _a32881 | ||
| 040 |
_aJO-AjNU _bara _erda _cJO-AjNU |
||
| 041 | _aara | ||
| 050 | 1 | 4 | _aLB3013.L3622 1990 |
| 100 | 3 |
_aاللقاني، أحمد حسين مؤلف/أبو سنينة، عودة عبد الجواد م.مشارك, _eauthor _937484 |
|
| 245 | 0 | 0 | _aالتعلم والتعليم الصفي |
| 250 | _aط1 | ||
| 264 | 3 | 1 | _aعمان:دار الثقافة،1990 |
| 300 | _a132ص | ||
| 336 |
_atext _btxt _2rdacontent |
||
| 337 |
_aunmediated _bn _2rdamedia |
||
| 338 |
_avolume _bnc _2rdacarrier |
||
| 650 | 4 |
_aالتربية و التعليم-تعلم و تعليم. تعلم-تعلم و تعليم _937485 |
|
| 999 |
_aA15666 _c19234 _d19234 |
||